00385nam a22001577a 450000500170000000800410001702000230005804100080008108200150008910000130010424500290011725000110014626000320015730000180018965000200020720250630112851.0250630b |||||||| |||| 00| 0 eng d a9780552547390qhbk aeng a823.92 RAI aRai Bali aThe Crewb: c/ Bali Rai a1st ed aBritainbCoorgi Booksc2003 a237p. :c22cm aEnglish Fiction